000 00257 a2200109 4500
245 _aA raising in the sun
_hText
100 _aLorraine Hansberry
650 _aliterature
650 _aAMERICAN LITERATURE
005 20191021095808.0
260 _bSignet
_c1964
084 _aPS3515A515R31
999 _c12686
_d12686